000 00814nac a22002651i 4500
003 EG-ScBUE
005 20240815114446.0
008 240815t1998 cc ab f 001 0 eng d
020 _a1577170881
040 _aEG-ScBUE
_beng
_erda
_cEG-ScBUE
_dEG-ScBUE
082 0 4 _a949.521
_bHAR
_222
100 1 _aHardin, Terri,
_eauthor.
245 1 2 _aA portrait of Greece /
_cTerri Hardin.
264 1 _aBeijing :
_bTodtri,
_c[1998]
264 4 _cc1998
300 _a144 pages :
_bcolor illustrations, color maps ;
_c35 cm
336 _2rdacontent
_atext
_btxt
337 _aunmediated
_2rdamedia
_bn
338 _avolume
_bnc
_2rdacarrier
500 _aIncludes index.
651 7 _2BUEsh
_aGreece
_xSocial life and customs.
651 7 _2BUEsh
_aGreece
_xHistory.
655 _vReading book
942 _cBB
_2ddc
999 _c5204
_d5204